kku e-library facility

Social sin and the church in Nigeria: (Record no. 9)

MARC details
000 -LEADER
fixed length control field 00499nam a22001577a 4500
003 - CONTROL NUMBER IDENTIFIER
control field OSt
005 - DATE AND TIME OF LATEST TRANSACTION
control field 20250127144444.0
008 - FIXED-LENGTH DATA ELEMENTS--GENERAL INFORMATION
fixed length control field 250127b |||||||| |||| 00| 0 eng d
020 ## - INTERNATIONAL STANDARD BOOK NUMBER
International Standard Book Number 978575789-7
100 ## - MAIN ENTRY--PERSONAL NAME
Personal name Dafer,Timonthy
245 ## - TITLE STATEMENT
Title Social sin and the church in Nigeria:
Remainder of title In conversation with some liberation Theologians/
Statement of responsibility, etc. Timonthy Dafer and Benjamen Pokol
250 ## - EDITION STATEMENT
Edition statement byTimonthy Dafer.
Remainder of edition statement Pokol Benjemen
260 ## - PUBLICATION, DISTRIBUTION, ETC.
Place of publication, distribution, etc. Jos : Plateau
Name of publisher, distributor, etc. SANIEZ BOOKS
Date of publication, distribution, etc. 2022
300 ## - PHYSICAL DESCRIPTION
Other physical details xiv,198p.
942 ## - ADDED ENTRY ELEMENTS (KOHA)
Source of classification or shelving scheme Dewey Decimal Classification
Suppress in OPAC No
Koha item type Books
Holdings
Withdrawn status Lost status Source of classification or shelving scheme Damaged status Not for loan Home library Current library Date acquired Total checkouts Date last seen Price effective from Koha item type
    Library of Congress Classification     Karl Kumm University Librrary Services Karl Kumm University Librrary Services 10/15/2025   10/15/2025 10/15/2025 Books
©2025 All rights reserved. KKU